|
|
|
|
| LEADER |
00000nab a2200000 a 4500 |
| 001 |
vtls000378556 |
| 003 |
SK-MaSNL |
| 005 |
20260303181943.0 |
| 008 |
230120c1990 xo 0 slo |
| 015 |
|
|
|a SNBRB19rr/mm-uuuuu
|
| 035 |
|
|
|a CL0378678
|
| 035 |
|
|
|a urn:nbn:sk:snk-ab91b
|
| 035 |
|
|
|a (urnnbn)urn:nbn:sk:snk:ar-005lgu
|
| 035 |
|
|
|a (uuid)047a4813-522c-4e45-9aba-6bd25b285731
|
| 040 |
|
|
|a SNKBUCL
|b slo
|c SNKBUCL
|e AACR2
|
| 041 |
0 |
|
|a slo
|
| 044 |
|
|
|a xo
|c SK
|
| 080 |
|
|
|a 73/76(437):061.4
|2 1981
|
| 080 |
|
|
|a 061.4
|2 1981
|
| 100 |
1 |
|
|a Matuštík, Radislav,
|d 1929-2006
|4 aut
|9 226052
|
| 245 |
1 |
0 |
|a Terén
|c Radislav Matuštík
|
| 300 |
|
|
|b Fot. 22.
|
| 650 |
0 |
7 |
|a slovenské výtvarné umenie
|2 snkbucl
|9 68597
|
| 650 |
0 |
7 |
|a umenie výtvarné české
|2 snkbucl
|9 946027
|
| 650 |
0 |
7 |
|a Terén, Bratislava (výstava)
|2 snkbucl
|9 1209169
|
| 655 |
|
7 |
|a články z novín a časopisov
|2 snkbucl
|9 267496
|
| 773 |
0 |
|
|t Výtvarný život
|g Roč. 35, č. 3 (1990), s. 14-24
|
| 850 |
|
|
|a Slovenská národná knižnica v Martine
|a MTA001
|
| 852 |
|
|
|a SNK
|b KIS3GCP
|
| 954 |
|
|
|a odborná, vedecká literatúra pôvodná (slovenská)
|2 lita
|
| 957 |
|
|
|a 5100
|
| 958 |
|
|
|a RK
|
| 958 |
|
|
|a CZ
|
| 958 |
|
|
|a OND
|
| 958 |
|
|
|a EUIPO
|
| 958 |
|
|
|a article27
|
| 992 |
|
|
|a RBX
|
| 999 |
|
|
|c 2114726
|d 2116656
|